Music Quiz

Random Music or Clickable Quiz

'My' Song Titles Quiz Stats

Quiz Updated Sep 23, 2016

Also try: Song Title Blitz
Challenge
Share
Tweet
Embed
Score 0/40 Timer 06:00
12 Plays Today
% Correct
Life
91.8%
Name
91.6%
Breath
91.5%
Heart
90.2%
Wings
89.5%
Mind
89.1%
Eyes
88.7%
Friend
87.8%
Fire
87.4%
Head
87.3%
Bell
86.3%
Religion
85.1%
Hands
84.7%
Everything
83.9%
Baby
83.3%
Brother
77.3%
Girl
77.1%
Car
76.1%
Way
73.4%
Sharona
73.2%
% Correct
Amour
73%
Guitar
71.7%
Humps
71.4%
Generation
71.3%
Party
71%
Tears
70.7%
Door
70.4%
Cloud
68.1%
Window
68%
Own
62.9%
Lord
61.6%
Immortal
60%
Ding-A-Ling
58.2%
Father
57.8%
Stride
56%
List
55.5%
Boo
55.4%
Sunshine
54.8%
Lollipop
41%
My
39.7%

You're not logged in!

Compare scores with friends on all Sporcle quizzes.
Join for Free
OR
Log In

You Might Also Like...

Show Comments

Extras

Top Quizzes Today


Score Distribution

Your Account Isn't Verified!

In order to create a playlist on Sporcle, you need to verify the email address you used during registration. Go to your Sporcle Settings to finish the process.

Report this User

Report this user for behavior that violates our Community Guidelines.

Details: